| 000 | 00634nam a2200229 a 4500 | ||
|---|---|---|---|
| 008 | |||
| 020 | _a0947946829 (cased) | ||
| 049 | _aMAIN | ||
| 090 |
_aQR76.6 _bPLA |
||
| 245 | 0 | 0 |
_aPlasmids : _ba practical approach / _cedited by K.G. Hardy. |
| 260 |
_aOxford : _bIRL, _cc1987. |
||
| 300 |
_axi, 180 p. : _bill. ; _c23 cm. |
||
| 440 | 4 | _aThe practical approach series. | |
| 500 | _aIncludes index. | ||
| 650 | 0 | _aPlasmids. | |
| 700 | 1 | _aHardy, K.G. | |
| 907 |
_a.b10006059 _b11-09-12 _c17-04-03 |
||
| 003 | |||
| 005 | 20230120203824.0 | ||
| 040 | _cNUST | ||
| 942 |
_cBOOKS _kQR76.6 _mPLA |
||
| 999 |
_c112086 _d112086 |
||